Macias, O Namorado (Record no. 163313)

MARC details
000 -LEADER
campo de control de longitud fija 00587nam a22001695i 4500
001 - NÚMERO DE CONTROL
campo de control 163313
003 - IDENTIFICADOR DE NÚMERO DE CONTROL
campo de control ES-MaACL
005 - FECHA Y HORA DE LA ÚLTIMA TRANSACCIÓN
campo de control 20230906212720.0
008 - DATOS DE LONGITUD FIJA--INFORMACIÓN GENERAL
campo de control de longitud fija 040830s1900 xxu |||| | eng d
040 ## - FUENTE DE CATALOGACIÓN
Centro catalogador/agencia de origen CAM
Lengua de catalogación spa
Centro/agencia transcriptor CAM
100 1# - ENTRADA PRINCIPAL--NOMBRE DE PERSONA
Nombre de persona Rennert, Hugo Albert.
9 (RLIN) 96225
245 10 - MENCIÓN DEL TÍTULO
Título Macias, O Namorado
Resto del título : a galician trobador /
Mención de responsabilidad, etc. by Hugo Albert Rennert.
260 ## - PUBLICACIÓN, DISTRIBUCIÓN, ETC.
Lugar de publicación, distribución, etc. Philadelphia :
Nombre del editor, distribuidor, etc. privately printed,
Fecha de publicación, distribución, etc. 1900 (
Fabricante Avil Printing Company)
300 ## - DESCRIPCIÓN FÍSICA
Extensión 64 p. ;
Dimensiones 28 cm.
752 ## - ENTRADA AGREGADA--NOMBRE JERÁRQUICO DEL LUGAR
País o entidad superior Estados Unidos -
Ciudad Filadelfia
852 ## - LOCALIZACIÓN
Ubicación ES-MaACL
Número de control de estantería B-11107
Nota libre -- Enc. tela
-- -- Dedicatoria ms. del autor
Holdings
Estatus retirado Estado de pérdida Estado de daño No para préstamo Colección Biblioteca de origen Biblioteca actual Ubicación en estantería Fecha de adquisición Fuente de adquisición Total de préstamos Signatura topográfica completa Código de barras Visto por última vez Precio de reemplazo Tipo de ítem Koha
        Libros del s. XIX Biblioteca del Ateneo de Madrid Biblioteca del Ateneo de Madrid Sala Pardo Bazán 17/01/2008     B-11107 1171135 23/02/2023 23/02/2023 Libro impreso antiguo